000 00233nam a2200097Ia 4500
008 191206s9999 xx 000 0 und d
020 _a9.78034E+12
090 _aQH541.5D4
245 0 _aArid ansd semi Arid environments
260 _cc2002
999 _c15483
_d15483